Statistics for Capitals of Caribbean Countries

Click here to take the quiz!

General Stats

  • This quiz has been taken 90 times
  • The average score is 17 of 21

Answer Stats

CountryCapital% Correct
JamaicaKingston
96%
Saint Vincent and
the Grenadines
Kingstown
96%
CubaHavana
94%
HaitiPort-au-Prince
89%
PanamaPanama City
88%
MexicoMexico City
88%
VenezuelaCaracas
86%
Dominican RepublicSanto Domingo
86%
ColombiaBogota
83%
Antigua and BarbudaSaint John's
83%
Trinidad and TobagoPort-of-Spain
82%
GuatemalaGuatemala City
81%
Costa RicaSan Jose
81%
BarbadosBridgetown
79%
HondurasTegucigalpa
78%
NicaraguaManagua
78%
DominicaRoseau
76%
Saint Kitts and NevisBasseterre
76%
Saint LuciaCastries
76%
GrenadaSaint George's
75%
BelizeBelmopan
75%

Score Distribution

Percentile by Number Answered

Percent of People with Each Score

Your Score History

You have not taken this quiz